[Event "Calvia Amateur op 9th"]
[Site "Calvia"]
[Date "2012.10.14"]
[Round "9"]
[White "Persson, Stellan"]
[Black "Oliver Font, Jose Luis"]
[Result "1-0"]
[WhiteElo "1988"]
[BlackElo "1853"]
[PlyCount "65"]
[EventDate "2012.10.06"]
[EventType "swiss"]
[EventRounds "9"]
[EventCountry "ESP"]
[SourceTitle "EXT 2013"]
[Source "ChessBase"]
[SourceDate "2012.11.22"]
[SourceVersion "1"]
[SourceVersionDate "2012.11.22"]
[SourceQuality "1"]

1. d4 c6 2. e4 d5 3. Nd2 e6 4. Ngf3 Nf6 5. e5 Nfd7 6. Bd3 c5 7. c3 Nc6 8. 0-0 Qb6 9. Ng5 h6 10. Qh5 Nd8 11. Nxf7 Nxf7 12. Bg6 Be7 13. Bxf7+ Kd8 14. c4 Qc6 15. cxd5 exd5 16. Nf3 Nf8 17. Nh4 Be6 18. Bg6 Nxg6 19. Nxg6 Bf7 20. Nxe7 Kxe7 21. Qd1 Rhe8 22. Be3 c4 23. f4 Kf8 24. f5 Rec8 25. Qg4 Kg8 26. e6 Be8 27. Bxh6 Rc7 28. f6 g6 29. f7+ Bxf7 30. Rxf7 Rxf7 31. Qxg6+ Kh8 32. Qxf7 Rg8 33. Bf4 1-0

[Event "Palma de Mallorca op 4th"]
[Site "Palma de Mallorca"]
[Date "2009.11.23"]
[Round "4"]
[White "Persson, Stellan"]
[Black "Hadzimanolis, Antonios"]
[Result "0-1"]
[WhiteElo "2109"]
[BlackElo "2346"]
[PlyCount "81"]
[EventDate "2009.11.21"]
[EventType "swiss"]
[EventRounds "9"]
[EventCountry "ESP"]
[SourceTitle "EXT 2011"]
[Source "ChessBase"]
[SourceDate "2010.11.26"]
[SourceVersion "1"]
[SourceVersionDate "2010.11.26"]
[SourceQuality "1"]

1. e4 e5 2. Nf3 Nc6 3. d4 exd4 4. Nxd4 Bc5 5. Be3 Qf6 6. c3 Nge7 7. f4 d5 8. e5 Qh6 9. Qd2 Bg4 10. Bb5 Bxd4 11. cxd4 a6 12. Ba4 0-0 13. 0-0 Bf5 14. Na3 Qg6 15. Bc2 h5 16. Bf2 Bxc2 17. Nxc2 Nf5 18. Rac1 Rac8 19. Qe2 Rfe8 20. Qf3 Rcd8 21. Kh1 Re6 22. g3 Qg4 23. Qxg4 hxg4 24. Rfd1 Kf8 25. b4 Ke7 26. Kg2 Rh8 27. a4 Kd7 28. Rd3 Nce7 29. Rc3 Rc6 30. Rxc6 Nxc6 31. b5 axb5 32. axb5 Na7 33. Nb4 Nxb5 34. Nxd5 c6 35. Nc3 Nxc3 36. Rxc3 Ne7 37. Ra3 Kc7 38. Be3 Nd5 39. Bd2 Kd7 40. Kf2 Kd8 41. Ra2 0-1

[Event "Calvia Veterans op 4th"]
[Site "Calvia"]
[Date "2007.10.23"]
[Round "9"]
[White "Estrada Martinez, Cesar"]
[Black "Persson, Stellan"]
[Result "1-0"]
[WhiteElo "2236"]
[BlackElo "2136"]
[PlyCount "105"]
[EventDate "2007.10.15"]
[EventType "swiss"]
[EventRounds "9"]
[EventCountry "ESP"]
[SourceTitle "CBM 120 Extra"]
[Source "ChessBase"]
[SourceDate "2007.11.01"]
[SourceVersion "1"]
[SourceVersionDate "2007.11.01"]
[SourceQuality "1"]

1. c4 e6 2. d4 f5 3. Nc3 Nf6 4. Nf3 Bb4 5. Qb3 a5 6. a3 Bxc3+ 7. Qxc3 Ne4 8. Qc2 d6 9. e3 b6 10. Bd3 Bb7 11. 0-0 Nd7 12. Nd2 Ndf6 13. f3 Nxd2 14. Bxd2 0-0 15. b4 axb4 16. axb4 Qd7 17. Bc3 Rxa1 18. Rxa1 Ra8 19. Rxa8+ Bxa8 20. e4 g6 21. Qa2 Bb7 22. exf5 gxf5 23. Qc2 d5 24. c5 b5 25. Bd2 c6 26. Bg5 Qg7 27. Qd2 Nd7 28. Qe3 Kf7 29. Bh6 Qf6 30. Bg5 Qg7 31. Bh4 h6 32. Bg3 Qf6 33. Bf4 Kg7 34. Bg3 Bc8 35. Bf1 Kf7 36. Qf4 Nf8 37. Qc7+ Bd7 38. Be5 Qe7 39. h3 Ng6 40. Bd6 Qe8 41. Bxb5 Kg8 42. Ba6 Nh4 43. Bg3 Ng6 44. Bb7 Qf7 45. Bxc6 Bxc6 46. Qxc6 f4 47. Bf2 Qf5 48. Qe8+ Nf8 49. c6 Qb1+ 50. Kh2 Qc2 51. Bh4 Kg7 52. Qe7+ Kg8 53. c7 1-0

[Event "Calvia Veterans op 4th"]
[Site "Calvia"]
[Date "2007.10.22"]
[Round "8"]
[White "Persson, Stellan"]
[Black "Molina, Jorge"]
[Result "1-0"]
[WhiteElo "2136"]
[BlackElo "2201"]
[PlyCount "129"]
[EventDate "2007.10.15"]
[EventType "swiss"]
[EventRounds "9"]
[EventCountry "ESP"]
[SourceTitle "CBM 120 Extra"]
[Source "ChessBase"]
[SourceDate "2007.11.01"]
[SourceVersion "1"]
[SourceVersionDate "2007.11.01"]
[SourceQuality "1"]

1. e4 c6 2. d4 d5 3. Nc3 dxe4 4. Nxe4 Bf5 5. Ng3 Bg6 6. Nf3 Nd7 7. h4 h6 8. c3 Ngf6 9. Bd3 Bxd3 10. Qxd3 Qc7 11. Be3 e6 12. Ne2 Bd6 13. c4 Bb4+ 14. Nc3 0-0-0 15. Qc2 Rhe8 16. 0-0-0 Kb8 17. g3 Ka8 18. a3 Bxc3 19. Qxc3 b6 20. Rhe1 Qb7 21. Bf4 b5 22. Ne5 Nxe5 23. dxe5 Nd7 24. c5 Nf8 25. Rd6 Qc7 26. Red1 Rb8 27. h5 a5 28. b4 axb4 29. axb4 Kb7 30. Kd2 Ra8 31. Ke2 Ra2+ 32. Kf1 Rea8 33. Qd4 Qe7 34. Qe4 Rc8 35. R1d4 Rc7 36. Qd3 Ra8 37. Kg2 Re8 38. Qd2 Ra8 39. Rd3 Qe8 40. g4 Nh7 41. Bg3 Rac8 42. Bh4 f6 43. exf6 Nxf6 44. Bxf6 gxf6 45. Qxh6 Qg8 46. f3 Qf7 47. Qd2 f5 48. Rd7 Qe8 49. Rxc7+ Rxc7 50. Qa2 fxg4 51. fxg4 Qg8 52. Kh3 Qf7 53. Qe2 Qf4 54. Qd2 Qf1+ 55. Kh2 Qf6 56. Kg3 Qe5+ 57. Kh3 Qe4 58. Kg3 Qe5+ 59. Kh4 Ka6 60. Qf2 Rg7 61. Qg3 Qe4 62. Ra3+ Kb7 63. Ra1 Rf7 64. Qa3 Qf4 65. Qa8+ 1-0

[Event "Calvia Veterans op 4th"]
[Site "Calvia"]
[Date "2007.10.16"]
[Round "2"]
[White "Persson, Stellan"]
[Black "Simon Padros, Emili"]
[Result "1/2-1/2"]
[WhiteElo "2136"]
[BlackElo "2243"]
[PlyCount "64"]
[EventDate "2007.10.15"]
[EventType "swiss"]
[EventRounds "9"]
[EventCountry "ESP"]
[SourceTitle "CBM 120 Extra"]
[Source "ChessBase"]
[SourceDate "2007.11.01"]
[SourceVersion "1"]
[SourceVersionDate "2007.11.01"]
[SourceQuality "1"]

1. e4 e6 2. d4 d5 3. Nc3 Bb4 4. Nge2 Nf6 5. e5 Nfd7 6. a3 Be7 7. Be3 0-0 8. Ng3 c5 9. Bb5 cxd4 10. Bxd4 Nc6 11. f4 Nxd4 12. Qxd4 Bc5 13. Qd3 Qh4 14. Rf1 a6 15. Ba4 Ba7 16. Bb3 Nc5 17. Qf3 Bd7 18. 0-0-0 Bc6 19. Kb1 Rad8 20. Ba2 a5 21. b4 axb4 22. axb4 d4 23. Nce4 Nxe4 24. Nxe4 Qe7 25. Rd3 Kh8 26. Rb3 f5 27. exf6 gxf6 28. Qe2 d3 29. cxd3 Bd4 30. Nc3 Bxc3 31. Rxc3 Qxb4+ 32. Qb2 Qxb2+ 1/2-1/2